000 00482cam a2200145 4500500
005 20251228074215.0
041 _afre
042 _adc
100 1 0 _aLaisney, Vincent
_eauthor
245 0 0 _a« Modeste mignon » ou «Le whist des prétendus »
260 _c2005.
500 _a34
786 0 _nL'Année balzacienne | 6 | 1 | 2005-06-01 | p. 347-360 | 0084-6473
856 4 1 _uhttps://shs.cairn.info/revue-l-annee-balzacienne-2005-1-page-347?lang=fr&redirect-ssocas=7080
999 _c1597147
_d1597146